Wenn der Wald blüht, (Record no. 5037)

MARC details
000 -LEADER
fixed length control field 00537cam a22001931 4500
001 - CONTROL NUMBER
control field af 48002469
003 - CONTROL NUMBER IDENTIFIER
control field DLC
005 - DATE AND TIME OF LATEST TRANSACTION
control field 20260227110855.0
008 - FIXED-LENGTH DATA ELEMENTS--GENERAL INFORMATION
fixed length control field 890405s1942 gw 000 1 ger c
010 ## - LIBRARY OF CONGRESS CONTROL NUMBER
LC control number af 48002469
035 ## - SYSTEM CONTROL NUMBER
System control number (OCoLC)19500299
040 ## - CATALOGING SOURCE
Original cataloging agency California. Univ. Libr.
Transcribing agency CU
Modifying agency DLC
042 ## - AUTHENTICATION CODE
Authentication code premarc
050 00 - LIBRARY OF CONGRESS CALL NUMBER
Classification number PT2617.E597
Item number W4
100 1# - MAIN ENTRY--PERSONAL NAME
Personal name Henrich, Josef,
Dates associated with a name 1879-
245 10 - TITLE STATEMENT
Title Wenn der Wald blüht,
Remainder of title Roman aus dem Leben eines Waldläufers.
260 ## - PUBLICATION, DISTRIBUTION, ETC.
Place of publication, distribution, etc. München,
Name of publisher, distributor, etc. F.C. Mayer,
Date of publication, distribution, etc. 1942.
300 ## - PHYSICAL DESCRIPTION
Extent 183 p.
Dimensions 21 cm.

No items available.

Powered by Koha